00481cam a2200181ua 450000500170000000800390001702000180005604000090007404100080008308200170009110000280010824500440013625000120018026000330019230000100022565000220023565300420025720250920085656.0200320n ii |||gr||||Z||||||asm a9789382056102 cMAIN dasm a491.451bKON aKonwar, Arpana eauthor aAsamiya bhasa cintan/cBy Arpana Konwar a1st ed. aDibrugarh:bBanalata,c2016. a278p. aAssamese language aEast Indo-European & Celtic languages